| 000 | 00751nam a2200217Ia 4500 | ||
|---|---|---|---|
| 003 | GCL | ||
| 008 | 140319s9999 xx 000 0 ara d | ||
| 040 |
_aGCL / _cGCL |
||
| 082 | 0 | 4 |
_a330.9624 _bع م |
| 100 | 1 | _aعلى عبدالقادر على | |
| 245 | 1 | 0 |
_aمن التبعية الى التبعية : صندوق النقد الدولى والاقتصاد السودانى / _cعلى عبدالقادر على |
| 260 |
_a[S.N] : _bدار المستقبل العربى ، _c1990 |
||
| 300 | _a217 ص | ||
| 490 | _a | ||
| 650 | 0 | 4 | _aالاقتصاد |
| 650 | 0 | 4 | _aالسودان |
| 650 | 0 | 4 | _aالاقتصاد الدولى |
| 650 | 0 | 4 | _aالتنمية الاقتصادية |
| 650 | 0 | 4 | _aصندوق النقد الدولى |
| 942 |
_2ddc _cBK |
||
| 999 |
_c34891 _d34891 |
||